00527nam a2200205Ia 4500008004100000020001800041050001400059100002200073245003600095245002400131245002200155260001500177260001600192260000900208300001500217300002700232300001000259440004400269500000800313170918s9999 xx 000 0 und d a9780439866682 bT485 2005 aThomson, Sarah L. aWildlife conservation society : bamazing gorillas! / cSarah L. Thomson. aNew York : bScholastic, c2005 a32 pages : bcolored illustration ; c22cm. aAn I can read book reading with help 2. a670